000 01116nam a22002537a 4500
005 20081117123210.0
008 081117t xxu||||| |||| 00| 0 hin d
010 _aHIN-85070
020 _c45.00
_a8177098446
035 _aHN-57416
037 _bDBAD / PUB
040 _aDPL
_bHN
082 _a574
100 _aबनर्जी, विवेकानंद
245 _aनवीन हाई स्कूल जीवविज्ञान /
_cविवेकानन्द बनर्जी आदि
246 _aNaviin haaii school jivavigyaana
_b by Vivekanand Banerjee
260 _aपटना
_bभारती भवन
_c2009
270 _aठाकुरबाड़ी रोड़, कदमकुआँ,
_bपटना
_e800003
300 _av,179 पृ
_c22सेमी (अजिल्द)
650 _aजीव विज्ञान
650 _aBiology
942 _2ddc
_cHN
_mबनर्जी
_h574
999 _c18733
_d18733